Catálogo de la Biblioteca Horacio González - Universidad Nacional de General Sarmiento

8 1/2 : (Registro nro. 53853)

Detalles MARC
000 -CABECERA
campo de control de longitud fija 01561ngm a22003250a 4500
001 - NÚMERO DE CONTROL
campo de control PT44195
003 - IDENTIFICADOR DEL NÚMERO DE CONTROL
campo de control AR-LpoUNG
005 - FECHA Y HORA DE LA ÚLTIMA TRANSACCIÓN
campo de control 20210201235946.0
007 - CAMPO FIJO DE DESCRIPCIÓN FÍSICA--INFORMACIÓN GENERAL
campo de control de longitud fija vd cvaizq
008 - DATOS DE LONGITUD FIJA--INFORMACIÓN GENERAL
campo de control de longitud fija 191001ss.f.||||ag |||||||||||||||||ita d
037 ## - FUENTE DE ADQUISICIÓN
Condiciones de disponibilidad $6.6
040 ## - FUENTE DE LA CATALOGACIÓN
Centro catalogador/agencia de origen AR-LpoUNG
Lengua de catalogación spa
Centro/agencia transcriptor AR-LpoUNG
Normas de descripción aacr
041 ## - CÓDIGO DE LENGUA
Código de lengua del texto/banda sonora o título independiente ita
044 ## - CÓDIGO DEL PAÍS DE LA ENTIDAD EDITORA/PRODUCTORA
Código MARC del país ag
082 0# - NÚMERO DE LA CLASIFICACIÓN DECIMAL DEWEY
Número de clasificación 302.5 319och
100 1# - ENTRADA PRINCIPAL--NOMBRE DE PERSONA
Nombre de persona Fellini, Federico
Término indicativo de función/relación dir.
245 10 - MENCIÓN DE TÍTULO
Título 8 1/2 :
Resto del título ocho y medio
260 ## - PUBLICACIÓN, DISTRIBUCIÓN, ETC.
Lugar de publicación, distribución, etc. Buenos Aires :
Nombre del editor, distribuidor, etc. Página 12,
Fecha de publicación, distribución, etc. s.f..
300 ## - DESCRIPCIÓN FÍSICA
Extensión DVD (138 min.) : son., byn
505 0# - NOTA DE CONTENIDO CON FORMATO
Nota de contenido con formato Hecha en 1963. - Subtítulos en español. - Guión: Tullio Pinelli, Federico Fellini, Ennio Flaiano, Brunello Rondo. - Música: Nino Rota. - Fotografía: Gianni di Venanzo. - Música: Nino Rota. - Fotografía: Gianni Di Venanzo. - Elenco: Marcello Mastroianni, Claudia Cardinale, Anouk Aimée, Sandra Milo, Rossella Falk, Barbara Steele, Mario Pisu, Guido Alberti, Madeleine LeBeau, Caterina Boratto, Annibale Ninchi.
520 ## - SUMARIO, ETC.
Sumario, etc. Guido Anselmi es un director de cine que ha perdido la inspiración cuando se encuentra preparando su siguiente película. Su esposa, su amante, su productor y su actriz principal lo acosan y presionan de una u otra manera, pero Guido sólo puede refugiarse en sus recuerdos y ensoñaciones. Sólo allí podrá encontrar a la musa que se resiste a brindarle la inspiración.
650 #4 - PUNTO DE ACCESO ADICIONAL DE MATERIA--TÉRMINO DE MATERIA
Término de materia o nombre geográfico como elemento de entrada CREATIVIDAD
650 #4 - PUNTO DE ACCESO ADICIONAL DE MATERIA--TÉRMINO DE MATERIA
Término de materia o nombre geográfico como elemento de entrada INDUSTRIA CINEMATOGRAFICA
650 #4 - PUNTO DE ACCESO ADICIONAL DE MATERIA--TÉRMINO DE MATERIA
Término de materia o nombre geográfico como elemento de entrada RELACIONES HUMANAS
651 #4 - PUNTO DE ACCESO ADICIONAL DE MATERIA--NOMBRE GEOGRÁFICO
Nombre geográfico Italia
653 ## - TÉRMINO DE INDIZACIÓN--NO CONTROLADO
Término no controlado CINE ITALIANO
653 ## - TÉRMINO DE INDIZACIÓN--NO CONTROLADO
Término no controlado VIDEOS
905 ## - ELEMENTOS DE DATOS E LOCAL, LDE (RLIN)
a 44195
942 ## - ELEMENTOS DE PUNTO DE ACCESO ADICIONAL (KOHA)
Tipo de ítem Koha DVD
Existencias
Estado de retiro Estado de pérdida Estado dañado No para préstamo Código de colección Localización permanente Ubicación/localización actual Fecha de adquisición Total de préstamos Signatura topográfica completa Código de barras Fecha visto por última vez Precio válido a partir de Tipo de ítem Koha
        Colección Cine Biblioteca Universidad Nacional de General Sarmiento Biblioteca Universidad Nacional de General Sarmiento 01/02/2021   302.5 319och 00052183 01/02/2021 01/02/2021 DVD